Top 50 Harry Potter characters - Statistics

General Stats
  • This quiz has been taken 99 times
  • The average score is 29 of 50
Answer Stats
Answer % Correct
3 Harry Potter
100%
6 Hermione Granger
91%
2 Albus Dumbledore
88%
5 Ron Weasley
87%
9 Remus Lupin
86%
23 George Weasley
83%
18 Ginny Weasley
83%
8 Sirius Black
83%
22 Fred Weasley
82%
7 Voldemort
82%
1 Severus Snape
80%
25 Arthur Weasley
79%
4 Draco Malfoy
78%
32 Molly Weasley
78%
21 Neville Longbottom
75%
10 Rubeus Hagrid
75%
15 Lucius Malfoy
74%
11 Minerva McGonagall
74%
13 Dobby
72%
40 Bill Weasley
71%
35 James Potter
71%
34 Lily Potter
68%
29 Nymphadora Tonks
68%
41 Percy Weasley
68%
24 Bellatrix Lestrange
67%
20 Luna Lovegood
67%
17 Cedric Diggory
64%
38 Dolores Umbridge
64%
28 Filius Flitwick
58%
45 Cho Chang
57%
36 Hedwig
55%
30 Gilderoy Lockhart
53%
39 Peter Pettigrew
53%
42 Dudley Dursley
50%
12 Horace Slughorn
50%
43 Sybill Trelawney
47%
19 Alaster Moody
45%
37 Argus Filch
38%
44 Barty Crouch jr.
38%
50 Buckbeak
30%
27 Kingsley Shacklebolt
30%
47 Nagini
26%
49 Moaning Myrtle
22%
46 Rita Skeeter
22%
26 Aberforth Dumbledore
17%
14 Gellert Grindelwald
13%
16 Newt Scamander
12%
48 Sorting Hat
4%
31 Olivander
3%
33 Xeno Lovegood
1%
No matching quizzes found
Score Distribution
Percent of People with Each Score
Percentile by Number Answered
Your Score History
You have not taken this quiz